Erfolgreichste Superhelden in den deutschen Kinos - Statistiken

Allgemein
  • Dieses Quiz wurde 71 mal gespielt
    46 seit der letzten Aktualisierung
  • Das Durchschnittsergebnis liegt bei 9 aus 20
Antwortstatistiken
Zuschauer Filme Kinodebüt
(als Superheld)
Superheld / Team % Korrekt
17.350.872 11 1967 Batman / Bruce Wayne
100%
9.115.013 8 1979 Superman / Kal-El / Clark Kent
100%
4.761.387 4 2008 Iron Man / Tony Stark
95%
23.495.768 9 2002 Spider-Man / Peter Parker
90%
5.933.038 4 2012 Thor
77%
14.996.026 5 2012 Avengers
64%
8.219.510 3 2016 Deadpool / Wade Wilson
56%
6.216.763 4 2009 Wolverine / James "Logan" Howlett
46%
12.119.977 4 2016 Black Panther / T'Challa
44%
16.883.704 5 2016 Doctor Strange
44%
16.792.180 6 2014 Guardians of the Galaxy
41%
9.026.904 7 2000 X-Men
41%
6.375.382 3 2013 Loki
23%
5.001.595 2 2012 Catwoman / Selina Kyle
18%
4.280.475 4 1967 Robin / Dick Grayson
18%
5.035.598 3 1998 Blade / Eric Brooks
10%
5.705.192 2 2004 Die Unglaublichen
10%
10.250.921 7 2007 Transformers
5%
4.339.734 1 2024 Mega Minions
3%
10.322.316 3 2016 Winter Soldier / Bucky Barnes
3%
Keine übereinstimmenden Quizze gefunden
Verteilung der Resultate
Anzahl Personen mit jedem Resultat
Perzentil nach korrekt beantworteten Fragen
Ihre Resultats-Entwicklung
Sie haben dieses Quiz seit der letzten Aktualisierung nicht gespielt